Movies Quiz

Random Movies or Clickable Quiz

Films by Beginning Title Cards Quiz Stats

 Plays Quiz Updated Aug 23, 2016

Challenge
Share
Tweet
Embed
Score 0/25 Timer 12:00
0 Plays Today
% Correct
Star Wars
99%
The King's Speech
92.2%
Gravity
91.2%
Blood Diamond
88.4%
Pulp Fiction
87%
Inglourious Basterds
83%
Troy
82.1%
The Terminator
81.6%
The Campaign
80.3%
The Prince of Egypt
80.1%
Mighty Morphin Power Rangers: The Movie
79.4%
Fargo
78.6%
I, Robot
78.6%
% Correct
Empire of the Sun
76%
Twelve Monkeys
76%
The Last of the Mohicans
74.6%
Hellboy II: The Golden Army
74.2%
Gandhi
73.7%
Robin Hood: Prince of Thieves
71.8%
The Untouchables
66.5%
Glory
64.4%
All Quiet on the Western Front
63.2%
Scarface
60.4%
Unforgiven
55.8%
The Great Escape
54.6%

You're not logged in!

Compare scores with friends on all Sporcle quizzes.
OR
Log In

You Might Also Like...

Show Comments

Extras

Top Quizzes Today


Score Distribution

Your Account Isn't Verified!

In order to create a playlist on Sporcle, you need to verify the email address you used during registration. Go to your Sporcle Settings to finish the process.

Report this User

Report this user for behavior that violates our Community Guidelines.

Details: